[Event "FIDE World Blitz 2013"]
[Site "Khanty-Mansiysk RUS"]
[Date "2013.06.10"]
[Round "21.30"]
[White "Bezgodov, Alexei"]
[Black "Akbaev, Kazbek"]
[Result "1-0"]
[WhiteTitle "GM"]
[BlackTitle "IM"]
[WhiteElo "2482"]
[BlackElo "2475"]
[WhiteFideId "4105257"]
[BlackFideId "4131045"]
[EventDate "2013.06.09"]

1. e4 e6 2. d4 d5 3. Nd2 f5 4. exf5 exf5 5. Bd3 Nf6 6. Ndf3 Bd6 7. Ne2 c6 8. Bf4
O-O 9. O-O Qc7 10. Bxd6 Qxd6 11. Qd2 Ne4 12. Qf4 Qb4 13. a3 Qe7 14. Rfe1 Nd7 15.
c4 g5 16. Qc7 Qf6 17. cxd5 cxd5 18. Rac1 Re8 19. Bb5 Re7 20. Qd8+ Qf8 21. Qxf8+
Kxf8 22. Ng3 Ndf6 23. Ne5 a6 24. Bd3 Nxg3 25. fxg3 Ne4 26. g4 Kg7 27. gxf5 Bxf5
28. g4 Bg6 29. Nxg6 Kxg6 30. Rc5 Rd8 31. Rec1 Kf7 32. Rc7 Rdd7 33. Rxd7 Rxd7 34.
Rf1+ Kg7 35. Rf5 h6 36. Re5 Nd2 37. Re6 Nf3+ 38. Kf2 Nxd4 39. Rg6+ Kf8 40. Rxh6
Rf7+ 41. Ke3 Nc6 42. Bf5 Re7+ 43. Kd3 Re1 44. h4 gxh4 45. Rxh4 Ne5+ 46. Kc2 Re2+
47. Kb3 Re3+ 48. Kb4 b6 49. Rh6 d4 50. Rxb6 d3 51. Rd6 Ke7 52. Rd5 Kf6 53. Kc3
Re2 54. Bxd3 Re3 55. Kc2 Rg3 56. Rd6+ Ke7 57. Rd5 Ke6 58. Rd4 Rg2+ 59. Kc3 Rg3
60. g5 Rxg5 61. Bxa6 Nc6 62. Bc4+ Ke7 63. Re4+ Kd6 64. Re6+ Kc7 65. b4 Rg3+ 66.
Bd3 Kd7 67. Re4 Kd6 68. a4 Rg1 69. a5 Rc1+ 70. Kb3 Kd5 71. Rh4 Nd4+ 72. Kb2 Rd1
73. Kc3 Rc1+ 74. Kb2 Rd1 75. Rh5+ Kd6 76. Bc4 Nc6 77. Rh6+ Kc7 78. Rh7+ Kd6 79.
a6 Rd2+ 80. Kc3 Rd1 81. b5 Ne5 82. a7 Ra1 83. b6 Rc1+ 84. Kd2 Ra1 85. b7 Nxc4+
86. Kc3 Rxa7 87. b8=Q+ Kc6 88. Qxa7 Nd6 89. Rc7+ Kd5 90. Qc5+ Ke6 91. Rc6 Kf7
92. Qxd6 1-0

[Event "FIDE World Blitz 2013"]
[Site "Khanty-Mansiysk RUS"]
[Date "2013.06.10"]
[Round "22.6"]
[White "Rublevsky, Sergei"]
[Black "Ponkratov, Pavel"]
[Result "1-0"]
[WhiteTitle "GM"]
[BlackTitle "GM"]
[WhiteElo "2695"]
[BlackElo "2605"]
[WhiteFideId "4115309"]
[BlackFideId "4157800"]
[EventDate "2013.06.09"]

1. e4 e5 2. Nf3 Nc6 3. d4 exd4 4. Nxd4 Bc5 5. Nxc6 Qf6 6. Qf3 bxc6 7. Nd2 Rb8 8.
Nb3 Bb4+ 9. c3 Qxf3 10. gxf3 Be7 11. Be3 Ra8 12. Na5 Nf6 13. O-O-O O-O 14. h4 g6
15. Bg5 Re8 16. Bc4 Nh5 17. Rhe1 Bxg5+ 18. hxg5 Re5 19. b4 Rxg5 20. Kd2 c5 21.
Ke3 cxb4 22. cxb4 Rb8 23. f4 Rg4 24. Be2 Rh4 25. Bxh5 Rxh5 26. a3 c5 27. Rb1
cxb4 28. axb4 Rhb5 29. Rec1 Kg7 30. e5 Ba6 31. Rd1 h5 32. Rbc1 Rxb4 33. Rxd7 Ra4
34. Rcc7 Ra3+ 35. Kd2 Rf8 36. Nc6 Bc4 37. Nd4 Ba2 38. e6 Ra4 39. e7 Re8 40. Rd8
Kf6 41. Nc6 Rxe7 42. Nxe7 Rxf4 43. Ke3 Ra4 44. Nd5+ Kg7 45. Nc3 Ra3 46. Kd2 Be6
47. Rd6 Kf6 48. Rcc6 Ke5 49. Ra6 Rb3 50. Rd3 Rb2+ 51. Ke3 h4 52. Ne4 Rb5 53. f4+ 1-0

[Event "FIDE World Blitz 2013"]
[Site "Khanty-Mansiysk RUS"]
[Date "2013.06.10"]
[Round "22.8"]
[White "Najer, Evgeniy"]
[Black "Safarli, Eltaj"]
[Result "1-0"]
[WhiteTitle "GM"]
[BlackTitle "GM"]
[WhiteElo "2633"]
[BlackElo "2660"]
[WhiteFideId "4118987"]
[BlackFideId "13402129"]
[EventDate "2013.06.09"]

1. e4 c5 2. Nf3 e6 3. d4 cxd4 4. Nxd4 Nf6 5. Bd3 Nc6 6. Nxc6 dxc6 7. Nd2 e5 8.
Nc4 Qc7 9. a4 Bc5 10. O-O Be6 11. Qe2 O-O 12. Kh1 b5 13. Ne3 a6 14. Bd2 Rfd8 15.
Rfc1 h6 16. h3 Bd4 17. c3 Bb6 18. Bc2 Nd7 19. b4 Nf8 20. Nf5 Ng6 21. g3 Bc4 22.
Qe1 Qd7 23. Be3 Bxe3 24. Qxe3 Ne7 25. Rd1 Nxf5 26. exf5 Qe7 27. Be4 Bd5 28. Kh2
Qf6 29. Bxd5 cxd5 30. axb5 axb5 31. Rxa8 Rxa8 32. Rxd5 Qxf5 33. Rxe5 Qd7 34. Qe4
Rc8 35. Kg2 g6 36. Rc5 Re8 37. Qd5 Qa7 38. Rxb5 Re2 39. Rc5 Qe7 40. Qd4 Kh7 41.
Rd5 Qb7 42. Qc5 Re5 43. c4 Rf5 44. b5 Rf6 45. Qd4 Re6 46. Qd3 Qa8 47. Qf3 Qa7
48. c5 Qe7 49. c6 Rf6 50. Qe3 Qb4 51. c7 Qc4 52. Rc5 1-0

[Event "FIDE World Blitz 2013"]
[Site "Khanty-Mansiysk RUS"]
[Date "2013.06.10"]
[Round "22.10"]
[White "Inarkiev, Ernesto"]
[Black "Tkachiev, Vladislav"]
[Result "1-0"]
[WhiteTitle "GM"]
[BlackTitle "GM"]
[WhiteElo "2680"]
[BlackElo "2649"]
[WhiteFideId "4162722"]
[BlackFideId "618438"]
[EventDate "2013.06.09"]

1. e4 e5 2. Nf3 Nc6 3. Bb5 a6 4. Ba4 d6 5. c3 Bd7 6. O-O g6 7. d4 Bg7 8. Re1 h6
9. dxe5 Nxe5 10. Nxe5 Bxe5 11. Bb3 Ne7 12. Qf3 Be6 13. Bxe6 fxe6 14. Na3 Qd7 15.
Nc4 Bg7 16. Be3 O-O-O 17. a4 Nc6 18. Red1 d5 19. Qg3 Qf7 20. Nd2 d4 21. cxd4
Nxd4 22. Bxd4 Rxd4 23. Nb3 Rxd1+ 24. Rxd1 Bxb2 25. Nc5 Qf6 26. Qb3 b6 27. Qc4
bxc5 28. Qxa6+ Kb8 29. Qb5+ Ka8 30. Qc6+ Kb8 31. Qb5+ Kc8 32. Rb1 Qc3 33. h3 Qb4
34. Rxb2 Qxb5 35. Rxb5 Rd8 36. Rxc5 Rd4 1-0

[Event "FIDE World Blitz 2013"]
[Site "Khanty-Mansiysk RUS"]
[Date "2013.06.10"]
[Round "22.11"]
[White "Akopian, Vladimir"]
[Black "Cheparinov, Ivan"]
[Result "1-0"]
[WhiteTitle "GM"]
[BlackTitle "GM"]
[WhiteElo "2691"]
[BlackElo "2678"]
[WhiteFideId "13300032"]
[BlackFideId "2905540"]
[EventDate "2013.06.09"]

1. c4 Nf6 2. Nc3 g6 3. g3 Bg7 4. Bg2 O-O 5. Nf3 d5 6. cxd5 Nxd5 7. O-O Nb6 8. d3
Nc6 9. Be3 e5 10. Qc1 Re8 11. Bh6 Bh8 12. Re1 Nd4 13. Nxd4 exd4 14. Ne4 c6 15.
Bg5 f6 16. Bd2 Qe7 17. e3 Be6 18. exd4 Bd5 19. Qc2 Qf8 20. a3 f5 21. Bb4 Qf7 22.
Nd6 Rxe1+ 23. Rxe1 Qd7 24. Nc4 Bxg2 25. Nxb6 axb6 26. Kxg2 Qd5+ 27. f3 Bxd4 28.
Re7 Bf6 29. Rxb7 c5 30. Rxb6 Bd8 31. Rb5 Be7 32. Bxc5 Rc8 33. b4 Bd6 34. Qc4 1-0

[Event "FIDE World Blitz 2013"]
[Site "Khanty-Mansiysk RUS"]
[Date "2013.06.10"]
[Round "22.13"]
[White "Sargissian, Gabriel"]
[Black "Rakhmanov, Aleksandr"]
[Result "1-0"]
[WhiteTitle "GM"]
[BlackTitle "GM"]
[WhiteElo "2671"]
[BlackElo "2602"]
[WhiteFideId "13300881"]
[BlackFideId "4173708"]
[EventDate "2013.06.09"]

1. d4 e6 2. Nf3 d5 3. c4 Nf6 4. Nc3 c5 5. cxd5 Nxd5 6. e4 Nxc3 7. bxc3 cxd4 8.
cxd4 Bb4+ 9. Bd2 Bxd2+ 10. Qxd2 O-O 11. Rc1 b6 12. Bd3 Bb7 13. O-O Nc6 14. d5
Na5 15. dxe6 fxe6 16. Qe3 Qe7 17. Be2 Rac8 18. Nd4 Rxc1 19. Rxc1 Rc8 20. Rxc8+
Bxc8 21. Qc3 Qc5 22. Qxc5 bxc5 23. Nb5 Ba6 24. Kf1 Bxb5 25. Bxb5 e5 26. Ke2 Kf7
27. Kd3 Ke7 28. h4 Nb7 29. Kc4 Nd6+ 30. Kxc5 Nxe4+ 31. Kd5 Nxf2 32. Kxe5 Ng4+
33. Kf4 Nf6 34. g4 h6 35. Kf5 Nd5 36. Ke5 Ne3 37. Be2 Nc2 38. Bd3 Nb4 39. Bc4 a5
40. a3 Nc2 41. a4 Ne3 42. Be2 Ng2 43. h5 Ne3 44. Kd4 Ng2 45. Kc5 Nf4 46. Bc4 Ng2
47. Kb6 Ne3 48. Be2 Kf6 49. Kxa5 Nd5 50. Ka6 Nc3 51. Bb5 Kg5 52. a5 Kxg4 53. Bc6
Kxh5 54. Kb6 1-0

[Event "FIDE World Blitz 2013"]
[Site "Khanty-Mansiysk RUS"]
[Date "2013.06.10"]
[Round "22.18"]
[White "Riazantsev, Alexander"]
[Black "Grachev, Boris"]
[Result "0-1"]
[WhiteTitle "GM"]
[BlackTitle "GM"]
[WhiteElo "2708"]
[BlackElo "2683"]
[WhiteFideId "4125029"]
[BlackFideId "4129199"]
[EventDate "2013.06.09"]

1. d4 d5 2. c4 c6 3. Nc3 Nf6 4. e3 e6 5. Bd3 Nbd7 6. cxd5 cxd5 7. f4 a6 8. Nf3
b5 9. O-O Be7 10. Ne5 Bb7 11. Qf3 b4 12. Ne2 Ne4 13. Ng3 Nxg3 14. Qxg3 O-O 15.
Nxd7 Qxd7 16. f5 exf5 17. Bxf5 Qd6 18. Qf3 g6 19. Bd3 a5 20. Bd2 Ba6 21. Bxa6
Rxa6 22. Rac1 Rc6 23. Rxc6 Qxc6 24. Rc1 Qe6 25. h3 Rc8 26. Qf1 Bg5 27. Rxc8+
Qxc8 28. Qd3 Qc6 29. b3 h5 30. Kf2 Bh4+ 31. Kg1 Bg3 32. e4 Bc7 33. e5 Bb6 34.
Kh2 Bc7 35. Kg1 Bb6 36. Kh2 Bc7 37. Kg1 Bd8 38. Kh2 Kg7 39. Qf3 Bb6 40. Qd3 Qe6
41. Bg5 Kg8 42. Bf6 Qf5 43. Qe3 Kh7 44. e6 Qxe6 45. Qf4 Qe4 46. Qd6 Qe6 47. Qf4
Bc7 48. Qxc7 Qxf6 49. Qc5 Qf4+ 50. Kh1 Qf1+ 51. Kh2 Qf4+ 52. Kh1 Qe4 53. Kh2 h4
54. Qb6 Qf4+ 55. Kh1 Qf1+ 56. Kh2 Qf4+ 57. Kh1 Kg7 58. Qc5 Qf1+ 59. Kh2 Qf4+ 60.
Kh1 Qe4 61. Qb6 g5 62. Qd8 f6 63. Qb6 Kg6 64. Qc5 g4 65. Kg1 Qe1+ 0-1

[Event "FIDE World Blitz 2013"]
[Site "Khanty-Mansiysk RUS"]
[Date "2013.06.10"]
[Round "22.19"]
[White "Ghaem Maghami, Ehsan"]
[Black "Vitiugov, Nikita"]
[Result "1/2-1/2"]
[WhiteTitle "GM"]
[BlackTitle "GM"]
[WhiteElo "2554"]
[BlackElo "2734"]
[WhiteFideId "12500739"]
[BlackFideId "4152956"]
[EventDate "2013.06.09"]

1. Nf3 d5 2. d4 Nf6 3. Bg5 Bf5 4. c3 c6 5. Bxf6 exf6 6. e3 Bd6 7. Bd3 Be6 8. Qc2
g6 9. Nbd2 f5 10. c4 Nd7 11. O-O O-O 12. a3 Nf6 13. cxd5 Bxd5 14. Bc4 Re8 15.
Qb3 Qb6 16. Bxd5 Nxd5 17. Rfe1 Bf8 18. Rac1 a5 19. Qxb6 Nxb6 20. Rc2 a4 21. g3
Nd5 22. Ne5 Ra5 23. Kf1 Rb5 24. Nd3 h5 25. Nc4 Rb3 26. Rd1 h4 27. Kg1 hxg3 28.
hxg3 f6 29. Nf4 Nxf4 30. gxf4 Rd8 31. Rcd2 Rd5 32. Rc2 Be7 33. Kf1 g5 34. fxg5
fxg5 35. Ke2 Bf6 36. Rh1 Kg7 37. Nd2 Rb6 38. Nf3 Rdb5 39. Rb1 Kg6 40. Nd2 Rd5
41. Nf3 Rb3 42. Nd2 Rb6 43. Nf3 Rbb5 44. Rc4 Ra5 45. Ne1 Rdb5 46. Nd3 Rd5 47.
Rc5 Rdxc5 48. Nxc5 b6 49. Nd3 c5 50. dxc5 bxc5 51. Rc1 Rb5 52. Rc2 g4 53. Kd2
Kg5 54. Kc1 Be7 55. Rc4 Ra5 56. Kc2 Bd6 57. Kd2 Kf6 58. Ke2 Ke6 59. e4 fxe4 60.
Rxe4+ Kf5 61. Rc4 Kg5 62. Kd2 Kf5 63. Ke3 Kg5 64. Ke4 Bf8 65. Kd5 Ra7 66. Nxc5
Bxc5 67. Rxc5 Kf4 68. Rc2 Kf3 69. Ke5 Ra5+ 70. Kd4 Rb5 71. Rd2 Rb3 72. Kc4 Rb6 1/2-1/2

[Event "FIDE World Blitz 2013"]
[Site "Khanty-Mansiysk RUS"]
[Date "2013.06.10"]
[Round "22.21"]
[White "Potkin, Vladimir"]
[Black "Georgiev, Kiril"]
[Result "1/2-1/2"]
[WhiteTitle "GM"]
[BlackTitle "GM"]
[WhiteElo "2647"]
[BlackElo "2636"]
[WhiteFideId "4131061"]
[BlackFideId "2900017"]
[EventDate "2013.06.09"]

1. c4 Nf6 2. Nc3 e5 3. e3 Bb4 4. Nge2 c6 5. a3 Ba5 6. b4 Bc7 7. Bb2 O-O 8. Qc2
Re8 9. d4 e4 10. d5 a5 11. Ng3 axb4 12. axb4 Rxa1+ 13. Bxa1 Be5 14. Be2 Na6 15.
O-O Nxb4 16. Qb1 Na6 17. f4 exf3 18. gxf3 d6 19. Nce4 Nxe4 20. Nxe4 Bxa1 21.
Qxa1 f5 22. Ng3 Rxe3 23. Qd4 Re8 24. dxc6 bxc6 25. Rd1 Nc5 26. Qxd6 Qxd6 27.
Rxd6 Bd7 28. Kf2 Kf7 29. Rd1 Rb8 30. Rd2 g6 31. h4 Ke7 32. h5 g5 33. h6 Be6 34.
Nh5 f4 35. Ng7 Rb4 36. Rc2 Nb3 37. Rb2 c5 38. Ra2 Nd4 39. Bd3 Bxc4 40. Ra7+ Kf6
41. Nh5+ Ke5 42. Bxc4 Rxc4 43. Rxh7 Rc2+ 44. Kf1 Nxf3 45. Re7+ Kd6 46. h7 Kxe7
47. h8=Q Nd4 48. Qe5+ Kd7 49. Qxg5 Rc1+ 50. Kf2 Rc2+ 51. Kf1 Rc1+ 52. Kg2 Rg1+
53. Kxg1 Nf3+ 54. Kf2 Nxg5 55. Nxf4 Kd6 56. Ke3 Ne6 57. Nxe6 Kxe6 58. Ke4 1/2-1/2

[Event "FIDE World Blitz 2013"]
[Site "Khanty-Mansiysk RUS"]
[Date "2013.06.10"]
[Round "22.22"]
[White "Lagno, Kateryna"]
[Black "Pasiev, Rakhim"]
[Result "0-1"]
[WhiteTitle "GM"]
[BlackTitle "IM"]
[WhiteElo "2542"]
[BlackElo "2384"]
[WhiteFideId "14109336"]
[BlackFideId "24122475"]
[EventDate "2013.06.09"]

1. Nf3 Nf6 2. g3 d6 3. d4 Nbd7 4. c4 e5 5. Nc3 Be7 6. Bg2 O-O 7. e4 c6 8. O-O
Re8 9. Re1 Bf8 10. h3 a6 11. a4 a5 12. b3 Qc7 13. Be3 b6 14. Rc1 g6 15. d5 c5
16. Nb5 Qb8 17. Nh4 Bg7 18. Bd2 Rf8 19. f4 exf4 20. gxf4 Ba6 21. Bf3 Bxb5 22.
cxb5 Qd8 23. Ng2 Re8 24. Bc3 Qc7 25. Qd2 Re7 26. e5 Ne8 27. Re2 Rd8 28. e6 Nf8
29. Rce1 fxe6 30. dxe6 d5 31. Bxg7 Kxg7 32. Bxd5 Nf6 33. Re5 Nxe6 34. Qb2 Nxd5
35. Rxd5+ Nd4 36. Rxe7+ Qxe7 37. Rxd8 Qxd8 38. Kh2 Qd5 39. Qf2 Kf7 40. Qe3 Qxb3
41. Qe4 Nf3+ 42. Kh1 Qd1+ 0-1

[Event "FIDE World Blitz 2013"]
[Site "Khanty-Mansiysk RUS"]
[Date "2013.06.10"]
[Round "22.23"]
[White "Salem, A.R. Saleh"]
[Black "Popov, Ivan RUS"]
[Result "0-1"]
[WhiteTitle "GM"]
[BlackTitle "GM"]
[WhiteElo "2531"]
[BlackElo "2632"]
[WhiteFideId "9301348"]
[BlackFideId "4170350"]
[EventDate "2013.06.09"]

1. d4 d5 2. c4 c6 3. Nc3 dxc4 4. e3 b5 5. a4 b4 6. Ne4 Qd5 7. Ng3 Nf6 8. Be2 e6
9. e4 Nxe4 10. Bf3 f5 11. N1e2 Bd6 12. Nf4 Bxf4 13. Bxf4 Nd7 14. Bxe4 fxe4 15.
O-O O-O 16. Be3 e5 17. Re1 exd4 18. Bxd4 c5 19. Be3 Bb7 20. Qe2 Ne5 21. Red1 Nd3
22. a5 a6 23. h4 Rf7 24. h5 h6 25. Rf1 Qe5 26. Rab1 Raf8 27. Qg4 Kh8 28. Qe2 Bc6
29. Qd2 Kh7 30. Qe2 Bd7 31. Qc2 Be6 32. Qe2 Rd7 33. Bd2 c3 34. bxc3 bxc3 35. Be3
Bc4 36. Rb6 Rf6 37. Qg4 Rxb6 38. axb6 Qe6 39. Qxe6 Bxe6 40. Nxe4 c2 41. Kh2 c4
42. Ra1 Bd5 43. Nc3 Bb7 44. Ne2 Re7 45. Nd4 Rxe3 46. fxe3 c1=Q 47. Rxc1 Nxc1 48.
Ne6 c3 49. Nc5 Bc8 50. Nd7 c2 51. Nf8+ Kg8 52. Ng6 Kf7 53. Ne5+ Ke6 54. Nf3 Nb3 0-1

[Event "FIDE World Blitz 2013"]
[Site "Khanty-Mansiysk RUS"]
[Date "2013.06.10"]
[Round "22.24"]
[White "Kobalia, Mikhail"]
[Black "Cherniaev, Alexander"]
[Result "1-0"]
[WhiteTitle "GM"]
[BlackTitle "GM"]
[WhiteElo "2651"]
[BlackElo "2447"]
[WhiteFideId "4119150"]
[BlackFideId "4117301"]
[EventDate "2013.06.09"]

1. e4 c5 2. Nf3 Nc6 3. Bb5 e6 4. O-O Nge7 5. c3 a6 6. Ba4 b5 7. Bc2 Bb7 8. a4
Ng6 9. axb5 axb5 10. Rxa8 Bxa8 11. Na3 b4 12. Nc4 d5 13. exd5 exd5 14. Ne3 Be7
15. Nf5 O-O 16. Nxe7+ Qxe7 17. Re1 Qc7 18. d4 cxd4 19. cxd4 h6 20. h4 Rd8 21. h5
Nf8 22. Be3 Bb7 23. Qd2 Bc8 24. Bxh6 gxh6 25. Qxh6 Qd6 26. Qg5+ Kh8 27. h6 Ng6
28. Nh4 Nce7 29. Rxe7 Qxe7 30. Nxg6+ 1-0

[Event "FIDE World Blitz 2013"]
[Site "Khanty-Mansiysk RUS"]
[Date "2013.06.10"]
[Round "22.25"]
[White "Kurnosov, Igor"]
[Black "Potapov, Pavel"]
[Result "1-0"]
[WhiteTitle "GM"]
[BlackTitle "IM"]
[WhiteElo "2657"]
[BlackElo "2460"]
[WhiteFideId "4142527"]
[BlackFideId "4169786"]
[EventDate "2013.06.09"]

1. e4 c5 2. Nf3 Nc6 3. Bb5 g6 4. Bxc6 dxc6 5. d3 Bg7 6. h3 e5 7. a4 a5 8. Be3 b6
9. Nbd2 h6 10. Nc4 Qc7 11. b4 b5 12. axb5 cxb5 13. Nxa5 cxb4 14. Nb3 Rxa1 15.
Nxa1 Ne7 16. Qd2 Nc6 17. O-O Be6 18. Nb3 Bxb3 19. cxb3 Qd7 20. Rc1 f5 21. Qc2
Nd8 22. Qc5 Qxd3 23. Nxe5 Qxb3 24. Nxg6 1-0

[Event "FIDE World Blitz 2013"]
[Site "Khanty-Mansiysk RUS"]
[Date "2013.06.10"]
[Round "22.26"]
[White "Kabanov, Nikolai"]
[Black "Gordievsky, Dmitry"]
[Result "1-0"]
[WhiteTitle "GM"]
[BlackTitle "FM"]
[WhiteElo "2472"]
[BlackElo "2474"]
[WhiteFideId "4127820"]
[BlackFideId "24112798"]
[EventDate "2013.06.09"]

1. e4 e6 2. b3 d5 3. Bb2 c5 4. exd5 exd5 5. Nf3 Nf6 6. Bb5+ Nc6 7. Qe2+ Qe7 8.
Bxf6 Qxe2+ 9. Bxe2 gxf6 10. O-O Be6 11. Nc3 O-O-O 12. Rfe1 Bd6 13. g3 a6 14.
Rad1 Rhe8 15. Nh4 Nd4 16. Bd3 Bg4 17. Rc1 Nf3+ 18. Nxf3 Bxf3 19. Bxh7 Kc7 20.
Bd3 Be5 21. Be2 Bxe2 22. Nxe2 f5 23. Kg2 b5 24. f4 Bf6 25. Ng1 c4 26. Nf3 Re4
27. d3 Re6 28. Ne5 Bxe5 29. Rxe5 Rxe5 30. fxe5 Re8 31. d4 Kd7 32. a4 Rc8 33. Ra1
cxb3 34. cxb3 b4 35. Rf1 Ke6 36. h4 Rc2+ 37. Rf2 Rc3 38. Rf3 Rc2+ 39. Kh3 Rd2
40. Rf4 Rd1 41. Kg2 Rd3 42. h5 Rxb3 43. Rh4 Rc3 44. h6 Rc8 45. Kf3 a5 46. Kf4 f6
47. h7 fxe5+ 48. dxe5 Rh8 49. Rh6+ Ke7 50. Kxf5 d4 51. Kg6 Kf8 52. Kf6 d3 53.
Rh4 b3 54. Rc4 Ke8 55. e6 Rf8+ 56. Kg7 Ke7 57. Rc7+ Kxe6 58. Kxf8 d2 59. h8=Q
d1=Q 60. Re7+ Kd6 61. Qe5+ Kc6 62. Rc7+ 1-0

[Event "FIDE World Blitz 2013"]
[Site "Khanty-Mansiysk RUS"]
[Date "2013.06.10"]
[Round "22.27"]
[White "Skatchkov, Pavel"]
[Black "Al-Sayed, Mohammed"]
[Result "0-1"]
[WhiteTitle "GM"]
[BlackTitle "GM"]
[WhiteElo "2486"]
[BlackElo "2498"]
[WhiteFideId "4121848"]
[BlackFideId "12100196"]
[EventDate "2013.06.09"]

1. d4 d5 2. Nf3 Nf6 3. g3 Bg4 4. Bg2 Nbd7 5. O-O e6 6. c4 c6 7. Qb3 Qb6 8. Nc3
Be7 9. Bf4 O-O 10. Rfe1 Bxf3 11. Bxf3 Qxd4 12. Qxb7 Qxc4 13. Rac1 Qb4 14. Qxc6
Qxb2 15. Rb1 Qa3 16. Nb5 Qa4 17. Qb7 Qxa2 18. Ra1 Qc2 19. Rec1 Qg6 20. Rxa7 Rxa7
21. Qxa7 e5 22. Bxe5 Nxe5 23. Qxe7 Nxf3+ 24. exf3 Qd3 25. Qc5 Qxf3 26. Nd4 Qd3
27. Nc6 Re8 28. Ne7+ Kh8 29. Re1 h6 30. Re3 Qb1+ 31. Kg2 Kh7 32. Qc6 d4 33. Re5
d3 34. Qd6 Qb7+ 35. Kh3 Qf3 36. Re3 Qxf2 37. Qxd3+ Kh8 38. Qd4 Rxe7 39. Rd3 Qxd4
40. Rxd4 Kh7 41. Kg2 Re2+ 42. Kg1 Ra2 43. Rb4 g5 44. Rb5 Kg6 45. Rb6 h5 46. Rb5
g4 47. Rb4 Nh7 48. Rb6+ f6 0-1

[Event "FIDE World Blitz 2013"]
[Site "Khanty-Mansiysk RUS"]
[Date "2013.06.10"]
[Round "22.28"]
[White "Byambaa, Zulzaga"]
[Black "Nadanian, Ashot"]
[Result "0-1"]
[WhiteTitle "FM"]
[BlackTitle "IM"]
[WhiteElo "2285"]
[BlackElo "2428"]
[WhiteFideId "4900642"]
[BlackFideId "13300393"]
[EventDate "2013.06.09"]

1. e4 c5 2. Nf3 e6 3. d4 cxd4 4. Nxd4 Bc5 5. Nb3 Bb6 6. Nc3 Ne7 7. Bf4 d5 8.
exd5 exd5 9. Qd2 Nbc6 10. O-O-O Be6 11. Na4 O-O 12. Bd3 Ng6 13. Bxg6 hxg6 14.
Nac5 a5 15. Nxb7 Qe7 16. Nd6 a4 17. Na1 a3 18. b3 Qf6 19. c3 Ba5 20. Bg5 Qxc3+
21. Qxc3 Bxc3 22. Nc2 Rfb8 23. Rd3 Be5 24. Nxf7 Kxf7 25. Re1 Bf5 26. Rf3 Kg8 27.
Kd1 Bxc2+ 28. Kxc2 Nd4+ 29. Kd3 Nxf3 30. gxf3 Bf6 31. Bf4 Re8 32. Rc1 Rac8 0-1

[Event "FIDE World Blitz 2013"]
[Site "Khanty-Mansiysk RUS"]
[Date "2013.06.10"]
[Round "22.29"]
[White "Sibriaev, Aleksandr"]
[Black "Ram, S. Krishnan"]
[Result "0-1"]
[WhiteTitle "FM"]
[WhiteElo "2239"]
[BlackElo "2248"]
[WhiteFideId "4116070"]
[BlackFideId "5010519"]
[EventDate "2013.06.09"]

1. Nc3 d5 2. e4 d4 3. Nce2 e5 4. Ng3 Be6 5. Nf3 f6 6. d3 c5 7. c3 Nc6 8. Be2 Bd6
9. O-O Nge7 10. a3 Qd7 11. cxd4 cxd4 12. b4 O-O-O 13. Bd2 Rde8 14. Qb1 Kb8 15.
b5 Nd8 16. Rc1 h5 17. Nf1 g5 18. Bd1 Ng6 19. a4 g4 20. Ne1 h4 21. Bb3 Nf4 22.
Bxf4 exf4 23. Bxe6 Nxe6 24. a5 f3 25. a6 b6 26. Rc6 Nf4 27. Qa2 Ne2+ 28. Kh1 Nc3
29. Qc4 Be5 30. Nd2 fxg2+ 31. Nxg2 g3 32. h3 Qxh3+ 33. Kg1 Qh2+ 34. Kf1 Qh1# 0-1

[Event "FIDE World Blitz 2013"]
[Site "Khanty-Mansiysk RUS"]
[Date "2013.06.10"]
[Round "23.3"]
[White "Nepomniachtchi, Ian"]
[Black "Mamedov, Rauf"]
[Result "0-1"]
[WhiteTitle "GM"]
[BlackTitle "GM"]
[WhiteElo "2717"]
[BlackElo "2637"]
[WhiteFideId "4168119"]
[BlackFideId "13401653"]
[EventDate "2013.06.09"]

1. e4 c5 2. Nf3 Nc6 3. Bb5 g6 4. O-O Bg7 5. Bxc6 dxc6 6. d3 b6 7. h3 e5 8. a3 a5
9. Nbd2 Qc7 10. Nc4 Be6 11. Be3 Bxc4 12. dxc4 Nf6 13. Nd2 O-O 14. Qe2 Nh5 15. c3
a4 16. Rad1 Rad8 17. Nf3 h6 18. Qc2 Qa7 19. Rxd8 Rxd8 20. Rd1 Ra8 21. Rd6 Qc7
22. Qd3 Nf6 23. Bxh6 Bxh6 24. Rxf6 Rd8 25. Rxc6 Rxd3 26. Rxc7 Bc1 27. Ra7 Bxb2
28. Nxe5 Rxc3 29. Nxf7 Rxc4 30. e5 Re4 31. f3 Re3 32. f4 c4 33. Nh6+ Kf8 34. Ng4
Re4 35. g3 c3 36. Rc7 Re2 37. Kf1 Rd2 38. Ne3 Bxa3 39. Rxc3 Bc5 40. Nc4 Rf2+ 41.
Ke1 Rh2 42. g4 Bb4 0-1

[Event "FIDE World Blitz 2013"]
[Site "Khanty-Mansiysk RUS"]
[Date "2013.06.10"]
[Round "23.8"]
[White "Akopian, Vladimir"]
[Black "Safarli, Eltaj"]
[Result "1/2-1/2"]
[WhiteTitle "GM"]
[BlackTitle "GM"]
[WhiteElo "2691"]
[BlackElo "2660"]
[WhiteFideId "13300032"]
[BlackFideId "13402129"]
[EventDate "2013.06.09"]

1. Nf3 Nf6 2. g3 g6 3. Bg2 Bg7 4. O-O O-O 5. c4 d5 6. cxd5 Nxd5 7. Nc3 Nxc3 8.
bxc3 c5 9. Rb1 Qa5 10. Qb3 Nc6 11. Qa3 Qxa3 12. Bxa3 b6 13. d4 Bf5 14. Rbc1 Na5
15. dxc5 Nc4 16. Bb4 a5 17. Nd4 Rac8 18. Nxf5 gxf5 19. cxb6 axb4 20. b7 bxc3 21.
bxc8=Q Rxc8 22. a4 Nd2 23. Rfd1 Nb3 24. Rc2 Nd4 25. Rxd4 Bxd4 26. e3 Bb6 27. Bf1
Ba5 28. Bd3 e6 29. Kf1 Kf8 30. Rc1 Ke7 31. Ke2 Rb8 32. Rb1 1/2-1/2

[Event "FIDE World Blitz 2013"]
[Site "Khanty-Mansiysk RUS"]
[Date "2013.06.10"]
[Round "23.9"]
[White "Inarkiev, Ernesto"]
[Black "Ponkratov, Pavel"]
[Result "1-0"]
[WhiteTitle "GM"]
[BlackTitle "GM"]
[WhiteElo "2680"]
[BlackElo "2605"]
[WhiteFideId "4162722"]
[BlackFideId "4157800"]
[EventDate "2013.06.09"]

1. Nf3 Nf6 2. g3 c5 3. Bg2 Nc6 4. O-O e5 5. c4 d5 6. cxd5 Nxd5 7. Nc3 Nc7 8. d3
Be7 9. Nd2 Bd7 10. Nc4 O-O 11. f4 exf4 12. Bxf4 Ne6 13. Bd2 Rc8 14. Nd5 b6 15.
Bc3 f6 16. a4 Be8 17. e4 Bd6 18. Qg4 Bf7 19. Bxf6 Qd7 20. Bxg7 1-0

[Event "FIDE World Blitz 2013"]
[Site "Khanty-Mansiysk RUS"]
[Date "2013.06.10"]
[Round "23.10"]
[White "Sargissian, Gabriel"]
[Black "Tkachiev, Vladislav"]
[Result "0-1"]
[WhiteTitle "GM"]
[BlackTitle "GM"]
[WhiteElo "2671"]
[BlackElo "2649"]
[WhiteFideId "13300881"]
[BlackFideId "618438"]
[EventDate "2013.06.09"]

1. d4 Nf6 2. Nf3 e6 3. c4 Bb4+ 4. Bd2 Qe7 5. Nc3 Bxc3 6. Bxc3 Ne4 7. Qc2 Nxc3 8.
Qxc3 d6 9. g3 O-O 10. Bg2 Re8 11. O-O e5 12. dxe5 dxe5 13. Nd2 Nd7 14. b4 Nf6
15. Ne4 Nxe4 16. Bxe4 c6 17. Rfd1 Bg4 18. Rd2 Rad8 19. Rad1 Bxe2 20. Rxd8 Rxd8
21. Rxd8+ Qxd8 22. Kg2 Qd1 23. Kh3 Bf1+ 24. Kh4 Qd8+ 25. Kg4 h5+ 26. Kf3 Qd1+
27. Ke3 Qe2# 0-1